000 00428nam a2200181Ia 4500
001 17171
005 20260306170405.0
008 260306t2008||||xx |||||||||||||| ||und||
041 _aESP
082 _a657.48
_bM19 2008
100 _aMallo Rodríguez, Carlos
_eAUT
245 0 _aContabilidad financiera
260 _c2008
300 _a543 páginas :
_ccm.
650 _aGEN
654 _aCCO
942 _cLIB
_dJUS
_fJUS
_2ddc
_n
999 _c17171
_d17171